000 00655nam a22001937a 4500
999 _c16781
_d16781
003 AR-CdUCM
008 190506b ||||| |||| 00| 0 sap d
040 _aMUNICIPALIDAD PROVINCIAL DEL CUSCO
_cBIBLIOTECA MUNICIPAL DEL CUSCO
082 _a978.05 /
_bW74
100 _aWinocur, Marcos.
_936440
245 _aCuba, nacionalismo y comunismo /
260 _aArgentina :
_bEmisferio,
_c1966.
300 _a155 páginas ;
_c20 cm.
505 _aContenido :Tomar el cielo por sorpresa -- Del 10 al 26 de julio -- ¿Por que revolución? ...
650 _aDemocracia.
_92598
650 _aRevolución.
_9844
942 _2ddc
_cLIBROS
945 _arum
_d2019-05-06